Un pasito ... y otro pasito /

El abuelo Nacho era el mejor amigo de Ignacio. Pasa a paso, enseña a su nieto a caminar, a construir torres con tacos de madera y a contar cuentos. Pero un día el abuelo se enferma y sólo Ignacio está seguro de que sanará.

Guardado en:
Autor Principal: De Paola, Tomie
Otros Autores: Delón, Marianne; trad., Uribe, Verónica; trad.
Formato: Libro
Publicado: Buenos Aires : Calibroscopio, 2013
Materias:
Etiquetas: Agregar Etiqueta
Sin Etiquetas, Sea el primero en etiquetar este registro!
LEADER 01037nam a22002415a 4500
001 CEM.cems015542
008 130507s2013##################000#0#####d
005 20240216142318.0
245 1 0 |a Un pasito ... y otro pasito /  |c Tomie de Paola ; traducido Por Marianne Delón y Verónica Uribe 
260 |a Buenos Aires :  |b Calibroscopio,  |c 2013 
300 |a 48 p. 
520 |a El abuelo Nacho era el mejor amigo de Ignacio. Pasa a paso, enseña a su nieto a caminar, a construir torres con tacos de madera y a contar cuentos. Pero un día el abuelo se enferma y sólo Ignacio está seguro de que sanará. 
020 |a 9789871801169 
100 1 |a De Paola, Tomie 
700 1 |a Delón, Marianne; trad. 
700 1 |a Uribe, Verónica; trad. 
082 0 4 |a 818.3 
653 |a Literatura 
653 |a Literatura estadounidense 
653 |a Literatura infantil 
653 |a Cuentos infantiles 
859 |a CEMS  |b BIB. CEMS - Inicial y Primaria  |h 818.3  |i D440  |k IP  |p 4010  |t Ej. 1 
859 |a CEMS  |b BIB. CEMS - Ccias. Educacion  |h 818.3  |i D440  |k CE  |p 28804.19  |t Ej.1